000 01055nam a22001937a 4500
003 OSt
005 20240416093903.0
008 231010s2017 ag ||||| |||| 00| 1 spa d
020 _a9789871912612
040 _cbesoc
245 0 0 _aErnestina y el ninja inatrapable /
_c[Textos José Ignacio Sainz y Francisco Sanguineti ; dibujos Alumnos Escuela para Animadores ; edición Juan Manuel Alonso, Lorena Méndez, Lis Mondaini y Leticia Santa Cruz]
260 _aRosario :
_bemr,
_c2017
300 _a60 p.
520 _aPara ganar el concurso de Fenómenos Urbanos Breves, Ernestina necesita encontrar el fenómeno más raro de la ciudad y sacarle una foto. Ya hace dos semanas que esta buscando al ninja inatrapable, a quien nadie vio nunca. A media hora del cierre del concurso, Ernestina se esta quedando sin tiempo, pero recibe ayuda inesperada... [Nota del editor]
650 _aLiteratura argentina
_vNovela gráfica
_ySiglo XXI
_xColección juvenil
700 1 _aSainz, José Ignacio
_eautor
700 _aSanguineti, Francisco
_eautor
942 _2udc
_cOG
_n0
999 _c112
_d112